000 00920cab a2200301 4500
001 ABS47888
008 090401t xxu||||| |||| 00| 0 eng d
035 _a(Sirsi) u63900
041 _aeng
100 _aMorphet, J.
245 _aDanes make the running in search for green plans
350 _a0
490 _aPlanning (for the Natural and Built Environment)
_v(1003) 29 January 1003, 18 (1)
520 _aDescribes the Danish system of local government and local planning to allow an environment-led approach.
650 _aDENMARK
650 _aENVIRONMENTAL MANAGEMENT
650 _aEUROPE
650 _aGREEN ISSUES
650 _aLOCAL GOVERNMENT
650 _aPLANNING POLICY
650 _aPLANNING SYSTEM
650 _aREGIONAL PLANS
690 _aENVIRONMENTAL AND LAND CONSULTANCY
690 _aOVERSEAS-EUROPE
690 _aPLANNING LAW AND PRACTICE
942 _n0
948 _c04/03/1997
999 _c39758
_d39758